<?xml version="1.0" encoding="UTF-8"?>
<record
    xmlns:xsi="http://www.w3.org/2001/XMLSchema-instance"
    xsi:schemaLocation="http://www.loc.gov/MARC21/slim http://www.loc.gov/standards/marcxml/schema/MARC21slim.xsd"
    xmlns="http://www.loc.gov/MARC21/slim">

  <leader>01735nam a2200205Ia 4500</leader>
  <controlfield tag="001">b6837-48847 </controlfield>
  <controlfield tag="003">IT-MiCISF</controlfield>
  <controlfield tag="008">161014s9999||||xx |||||||||||||| ||und||</controlfield>
  <datafield tag="040" ind1=" " ind2=" ">
    <subfield code="a">IT-MiCISF</subfield>
    <subfield code="c">IT-MiCISF</subfield>
  </datafield>
  <datafield tag="041" ind1=" " ind2=" ">
    <subfield code="a">it</subfield>
  </datafield>
  <datafield tag="100" ind1=" " ind2=" ">
    <subfield code="a">Novara Daniele</subfield>
  </datafield>
  <datafield tag="245" ind1=" " ind2="0">
    <subfield code="a">Dalla parte dei genitori</subfield>
    <subfield code="b">Strumenti per vivere bene il proprio ruolo educativo</subfield>
  </datafield>
  <datafield tag="250" ind1=" " ind2=" ">
    <subfield code="a">1a ed.</subfield>
  </datafield>
  <datafield tag="260" ind1=" " ind2=" ">
    <subfield code="a"> Milano</subfield>
    <subfield code="b">Franco Angeli</subfield>
    <subfield code="c">2009</subfield>
  </datafield>
  <datafield tag="300" ind1=" " ind2=" ">
    <subfield code="a">pp. 143</subfield>
  </datafield>
  <datafield tag="500" ind1=" " ind2=" ">
    <subfield code="a"> / genitorialit&#xE0;, educazione-bambini, educazione-genitori, educazione-familiare, conflitto / Le malattie dell'educazione si diffondono silenziosamente: insonnia, sovrappeso, enuresi notturna, disturbi emotivi e scolastici di ogni tipo sono in continuo aumento e spesso sembra che l'unica soluzione sia il ricorso al medico o allo psicoterapeuta. I genitori, sempre pi&#xF9; disorientati, non riescono a spiegarsi come tutte le cure e le attenzioni dedicate a creare un buon rapporto con i figli, a un certo punto si rivelino inefficaci: urla, conflitti, ansie, senso di colpa e inadeguatezza, mettono in crisi famiglie intere. Come si curano le malattie dell'educazione? La risposta &#xE8; semplice ma innovativa: con una buona educazione. Spesso i genitori faticano a individuare in cosa consiste il loro compito educativo: questo libro li aiuta a riscoprirlo e a trovare quel giusto equilibrio tra affetto e autonomia, che permette di crescere bambini e ragazzi vitali, responsabili, indipendenti.Un libro che non offre facili soluzioni ma strumenti chiari e sostenibili per impostare una buona relazione educativa e aiutare cos&#xEC; i propri figli a diventare grandi.</subfield>
  </datafield>
  <datafield tag="650" ind1=" " ind2=" ">
    <subfield code="a"> Genitorialit&#xE0; e problemi educativi / genitorialit&#xE0;</subfield>
    <subfield code="e">004</subfield>
  </datafield>
  <datafield tag="942" ind1=" " ind2=" ">
    <subfield code="c">BK</subfield>
  </datafield>
  <datafield tag="957" ind1=" " ind2=" ">
    <subfield code="7">1</subfield>
  </datafield>
  <datafield tag="999" ind1=" " ind2=" ">
    <subfield code="a">48847</subfield>
    <subfield code="b">si</subfield>
    <subfield code="g">1</subfield>
    <subfield code="c">210165</subfield>
    <subfield code="d">210165</subfield>
  </datafield>
  <datafield tag="952" ind1=" " ind2=" ">
    <subfield code="0">0</subfield>
    <subfield code="1">0</subfield>
    <subfield code="4">0</subfield>
    <subfield code="6">B_683748847</subfield>
    <subfield code="7">1</subfield>
    <subfield code="a">CISF</subfield>
    <subfield code="b">CISF</subfield>
    <subfield code="d">2016-10-14</subfield>
    <subfield code="l">0</subfield>
    <subfield code="o">b6837-48847 </subfield>
    <subfield code="r">2016-10-14 00:00:00</subfield>
    <subfield code="w">2016-10-14</subfield>
    <subfield code="y">BK</subfield>
    <subfield code="z">Data import 15.10.2016 / by Epidotti, Vaglietti</subfield>
  </datafield>
</record>
